000 004170000a22001690004500
003 MACL
005 20151231165748.0
008 151231b xxu||||| |||| 00| 0 eng d
040 _aMACL
_cMACL
041 _aEnglish
082 _a370/RYB
100 _aRyburn, W M
_926008
245 _aCreative Education
260 _bLongmans Green And co,
_c1946
_aIndia
650 _aEducation
_926009
942 _cBK
_k370/Ryb
_2ddc
999 _c34998
_d34998